000 00986nam a2200289 c 4500
001 000032545
003 DO-SdBNP
005 20240725100452.0
007 ta
008 110719s198? dr ac 000 0 spa d
040 _aDO-SdBNP
_bspa
_cBNPHU
_erda
082 _a307.72
_bA162r
_222
100 1 _aAbreu Cáceres, Isidro M.
_d1963-
_eautor
_958474
245 1 0 _aReseña histórica de un pueblo :
_bGuanábano /
_cIsidro M. Abreu Cáceres
264 _aMoca, República Dominicana :
_bImprensora Offeset,
_cfecha no identificada
300 _a60 páginas. ;
_c22 cm.
336 _2rdacontent
_atexto
_btxt
337 _2rdamedia
_asin mediación
_bn
338 _2rdacarrier
_avolumen
_bnc
500 _aUncluye datos biográficos del autor
504 _aBibliografía : p.60
590 _aInventariado, 2024/DG
650 4 _aCiudades y pueblos
_zRepública Dominicana
_9784
650 4 _aGuanábano (República Dominicana)
_xHistoria local
_986163
910 _aDG
942 _2ddc
_cLBS1
999 _c32036
_d32036